000 00340nam a2200145 i 4500
001 bg
100 1 _aKLEBER, W.
245 0 _aEinführung in die Kristalogrphie Verbesserte /
_cW. Kleber.
250 _aWyd.10.
260 _aBerlin,
_c1969.
040 _cBPK
041 _apol
942 _cKS
008 s pl f |000 0 pol
999 _c11701
_d11701
856 _uhttp://koha.tu.koszalin.pl/cgi-bin/koha/opac-detail.pl?biblionumber=11701
_yKatalog online BPK